|
|
|
|
| LEADER |
00000nam0a2200000 4500 |
| 001 |
298613 |
| 005 |
20231102001124.0 |
| 020 |
|
|
|a RU
|b 84-55305
|
| 035 |
|
|
|a (RuTPU)RU\TPU\book\323756
|
| 090 |
|
|
|a 298613
|
| 100 |
|
|
|a 20150619d1984 k z0rusy5003 ca
|
| 101 |
0 |
|
|a rus
|
| 102 |
|
|
|a RU
|
| 105 |
|
|
|a a z 000zy
|
| 200 |
1 |
|
|a Пакеты прикладных программ: технология разработки
|f Академия наук СССР (АН СССР), Сибирское отделение (СО), Иркутский вычислительный центр (ИВЦ) ; под ред. В. М. Матросова,. О. Г. Дивакова
|
| 210 |
|
|
|a Новосибирск
|c Наука
|d 1984
|
| 215 |
|
|
|a 208 с.
|c ил.
|
| 606 |
1 |
|
|a Программирование
|2 stltpush
|3 (RuTPU)RU\TPU\subj\51780
|9 70345
|
| 610 |
1 |
|
|a цифровые вычислительные машины
|
| 610 |
1 |
|
|a математическое обеспечение
|
| 610 |
1 |
|
|a проектирование
|
| 610 |
1 |
|
|a прикладные программы
|
| 610 |
1 |
|
|a разработка
|
| 610 |
1 |
|
|a технология
|
| 675 |
|
|
|a 681.3.06
|z rus
|v 3
|
| 702 |
|
1 |
|a Матросов
|b В. М.
|4 340
|
| 702 |
|
1 |
|a Диваков
|b О. Г.
|4 340
|
| 712 |
0 |
2 |
|a Академия наук СССР (АН СССР)
|b Сибирское отделение (СО)
|b Иркутский вычислительный центр (ИВЦ)
|2 stltpush
|3 (RuTPU)RU\TPU\col\10610
|
| 801 |
|
0 |
|a RU
|b RuMRKP
|c 19950704
|g psbo
|
| 801 |
|
1 |
|a RU
|b 63413507
|c 20150619
|
| 801 |
|
2 |
|a RU
|b 63413507
|c 20170728
|g RCR
|
| 942 |
|
|
|c BK
|